Normal view
MARC view
Entry Personal Name
001 - CONTROL NUMBER
- control field: 1062375
003 - CONTROL NUMBER IDENTIFIER
- control field: OSt
005 - DATE AND TIME OF LATEST TRANSACTION
- control field: 20260121170319.0
008 - FIXED-LENGTH DATA ELEMENTS
- fixed length control field: 260121|| aca||aabn | a|a d
040 ## - CATALOGING SOURCE
- Original cataloging agency: OSt
- Transcribing agency: OSt
100 ## - HEADING--PERSONAL NAME
- Personal name: Mariacristina Cocca, Emilia Di Pace, Maria Emanuela Errico, Gennaro Gentile, Alessio Montarsolo, Raffaella Mossotti
670 ## - SOURCE DATA FOUND
- Source citation: Work cat.: (OSt)1628104: Mariacristina Cocca, Emilia Di Pace, Maria Emanuela Errico, Gennaro Gentile, Alessio Montarsolo, Raffaella Mossotti, Proceedings of the International Conference on Microplastic Pollution in the Mediterranean Sea
